Le couperet Το τσεκούρι

Μετά από δεκαπέντε χρόνια συνέπειας και καλής συνεργασίας, ο Μπρουνό, υψηλόβαθμο στέλεχος σε μία χαρτοβιομηχανία, απολύεται λόγω περικοπών. Αν και αρχικά είναι αισιόδοξος για το μέλλον, για τα επόμενα τρία χρόνια παραμένει άνεργος. Η ανάγκη για επιβίωση του ίδιου και της οικογένειάς του, θα αναγκάσε...

Πλήρης περιγραφή

Αποθηκεύτηκε σε:
Λεπτομέρειες βιβλιογραφικής εγγραφής
Άλλοι συγγραφείς: Γαβράς, Κώστας (Διευθυντής), Garcia, José, 1966- (Ηθοποιός), Viard, Karin (Ηθοποιός), Tukur, Ulrich, 1957- (Ηθοποιός), Gourmet, Olivier (Ηθοποιός)
Μορφή: Διαφάνειες
Γλώσσα:French
Greek
Δημοσίευση: Αθήνα : Odeon [Εταιρεία διανομής], c2004.
Θέματα:
Ετικέτες: Προσθήκη ετικέτας
Δεν υπάρχουν, Καταχωρήστε ετικέτα πρώτοι!

MARC

LEADER 00000cgm a2200000 i 4500
001 1/4409
008 100211s2004 gr ||| | || ||fre||
035 |l 10106759 
040 |a GR-MyUa  |b gre  |e AACR2 
041 0 |a fre  |j gre 
082 7 |a 791.437   |2 (22) 
245 0 3 |a Le couperet   |h [μαγνητοσκόπηση] =   |b Το τσεκούρι /   |c μια ταινία του Κώστα Γαβρά. 
246 1 |i Παράλληλος τίτλος:   |a Το τσεκούρι 
260 |a Αθήνα :   |b Odeon [Εταιρεία διανομής],   |c c2004. 
300 |a 1 βιντεοδίσκος (118 λεπτ.) :   |b ομίλ., έγχρ. ;   |c 4 3/4 ίν. 
500 |a Κυκλοφόρησε πρώτη φορά ως κινηματογραφική ταινία το 2004. 
508 |a Σενάριο, Costa Gavras & Jean-Claude Grumberg ; βασισμένο στο μυθιστόρημα "The Ax" του Donald Westlake ; παραγωγή, Michele Ray-Gavras ; μοντάζ, Yannick Kergoat ; μουσική, Armand Amar. 
511 0 |a Χοσέ Γκαρσία, Καρίν Βιάρ, Ούλριχ Τουκούρ, Ολίβιε Γκουρμέ. 
520 8 |a Μετά από δεκαπέντε χρόνια συνέπειας και καλής συνεργασίας, ο Μπρουνό, υψηλόβαθμο στέλεχος σε μία χαρτοβιομηχανία, απολύεται λόγω περικοπών. Αν και αρχικά είναι αισιόδοξος για το μέλλον, για τα επόμενα τρία χρόνια παραμένει άνεργος. Η ανάγκη για επιβίωση του ίδιου και της οικογένειάς του, θα αναγκάσει τον Μπρουνό να χρησιμοποιήσει όλα τα μέσα και ένα τσεκούρι, για να βρει μία θέση εργασίας σε έναν άκρως ανταγωνιστικό κόσμο. 
521 8 |a Ακατάλληλο κάτω των 17. 
546 |a Στα γαλλικά με υπότιτλους στα ελληνικά. 
650 0 |a Unemployment  |v Drama. 
655 7 |a Feature films  |2 lcgft 
700 1 |a Γαβράς, Κώστας,  |e drt 
700 1 |a Garcia, José,   |d 1966-  |e act 
700 1 |a Viard, Karin,  |e act 
700 1 |a Tukur, Ulrich,   |d 1957-  |e act 
700 1 |a Gourmet, Olivier,  |e act 
852 |a INST  |b SYROS  |c AV  |e 20100211  |h 791.437 ΓΑΒ  |p 005500007861  |q 005500007861  |t DVD  |y 23 
901 |a BIBL5-2008-1 
909 |a Ε  |b 160206 
922 |a 5ΕΛΗ  |b 200709  |c ΒΙΒΛΙΟΘΗΚΗ ΣΥΡΟΥ  |d ANACO 
970 |a ΚΟΝΤΟΥ  |b ΠΑΡΑΣΚΕΥΗ  |z 2010/02/11